| 000 | 00354nam a22001217a 4500 | ||
|---|---|---|---|
| 008 | 181127b xxu||||| |||| 00| 0 eng d | ||
| 041 | _aeng | ||
| 080 | _a043.3 | ||
| 100 | _a0 | ||
| 101 | _aBTH-MBE | ||
| 245 |
_aRoli dhe ndikimi ii faktorëve të performancës në rritjen e një kompanie (Grem Logistic Trading "Gremlog") _cShefkiu,A |
||
| 942 |
_2udc _cBK |
||
| 999 |
_c52584 _d52584 |
||